[Event "Yuzhny op"]
[Site "Yuzhny"]
[Date "2009.09.11"]
[Round "5"]
[White "Lysak, Igor"]
[Black "Golubka, Petro"]
[Result "1/2-1/2"]
[WhiteElo "2339"]
[BlackElo "2356"]
[WhiteFideId "-1"]
[BlackFideId "-1"]
[PlyCount "29"]
[GameId "1166652293971968"]
[EventDate "2009.09.08"]
[EventType "swiss"]
[EventRounds "9"]
[EventCountry "UKR"]
[SourceTitle "CBM 132 Extra"]
[Source "ChessBase"]
[SourceDate "2009.11.03"]
[SourceVersion "1"]
[SourceVersionDate "2009.11.03"]
[SourceQuality "1"]

1. e4 e5 2. Nf3 Nf6 3. d4 Nxe4 4. Bd3 d5 5. Nxe5 Nd7 6. Nxf7 Qe7 7. Nxh8 Nc3+ 8. Kd2 Nxd1 9. Re1 Nxf2 10. Bxh7 Ne4+ 11. Rxe4 dxe4 12. Bg6+ Kd8 13. Nf7+ Ke8 14. Nd6+ Kd8 15. Nf7+ 1/2-1/2

[Event "Yuzhny op"]
[Site "Yuzhny"]
[Date "2009.09.11"]
[Round "6"]
[White "Kravchenko, Leonid"]
[Black "Golubka, Petro"]
[Result "0-1"]
[WhiteElo "2179"]
[BlackElo "2356"]
[WhiteFideId "-1"]
[BlackFideId "-1"]
[PlyCount "126"]
[GameId "1166652294152192"]
[EventDate "2009.09.08"]
[EventType "swiss"]
[EventRounds "9"]
[EventCountry "UKR"]
[SourceTitle "CBM 132 Extra"]
[Source "ChessBase"]
[SourceDate "2009.11.03"]
[SourceVersion "1"]
[SourceVersionDate "2009.11.03"]
[SourceQuality "1"]

1. d4 e6 2. c4 b6 3. Nc3 Bb7 4. e3 Bb4 5. Nge2 f5 6. a3 Bxc3+ 7. Nxc3 Nf6 8. b4 Nc6 9. Bb2 O-O 10. Bd3 Ne7 11. O-O d6 12. Qc2 Qd7 13. e4 fxe4 14. Nxe4 Nxe4 15. Bxe4 Bxe4 16. Qxe4 d5 17. Qe2 dxc4 18. Qxc4 Nd5 19. b5 Rf6 20. a4 Raf8 21. Ba3 R8f7 22. a5 Rg6 23. Bc1 h5 24. axb6 cxb6 25. Bd2 Kh7 26. Ra3 Rf5 27. Rg3 Rxg3 28. hxg3 Nc7 29. Qc6 Rd5 30. Qc2+ g6 31. Qc3 Nxb5 32. Qe3 Rxd4 33. Qh6+ Kg8 34. Qxg6+ Kf8 35. Bh6+ Ke7 36. Qxh5 Qd5 37. Bg5+ Kd6 38. Qg6 Nc3 39. Qc2 Rc4 40. Bf4+ Kc6 41. Re1 Ne4 42. Qe2 a5 43. f3 Nc5 44. Rd1 Rd4 45. Rb1 Rb4 46. Rd1 Qc4 47. Qe5 Kb5 48. Be3 a4 49. Rc1 Qd5 50. Qc7 Nd7 51. Qa7 a3 52. Bxb6 Nxb6 53. Qxa3 Na4 54. Qe3 Nc5 55. Qe2+ Kc6 56. g4 Kd6 57. Re1 Rd4 58. Qb5 Ke7 59. Kh2 Qd6+ 60. g3 Rd3 61. Kg2 Qd5 62. Rf1 Rd2+ 63. Kh3 Qg5 0-1

[Event "Yuzhny op"]
[Site "Yuzhny"]
[Date "2009.09.12"]
[Round "7"]
[White "Golubka, Petro"]
[Black "Kamenets, Anatolij"]
[Result "1/2-1/2"]
[WhiteElo "2356"]
[BlackElo "2226"]
[WhiteFideId "-1"]
[BlackFideId "-1"]
[PlyCount "196"]
[GameId "1166652294332416"]
[EventDate "2009.09.08"]
[EventType "swiss"]
[EventRounds "9"]
[EventCountry "UKR"]
[SourceTitle "CBM 132 Extra"]
[Source "ChessBase"]
[SourceDate "2009.11.03"]
[SourceVersion "1"]
[SourceVersionDate "2009.11.03"]
[SourceQuality "1"]

1. e4 c5 2. Nf3 Nc6 3. Nc3 g6 4. d4 cxd4 5. Nxd4 Bg7 6. Be3 Nf6 7. Bc4 O-O 8. Bb3 d6 9. f3 Bd7 10. Qd2 Na5 11. h4 h5 12. Bh6 Kh7 13. Bxg7 Kxg7 14. O-O-O Nxb3+ 15. axb3 Qa5 16. Kb1 Rab8 17. Rhe1 Rfc8 18. Qe3 Rc5 19. Na2 Rc7 20. Qd2 Qxd2 21. Rxd2 Rc5 22. Nc3 Rbc8 23. Nde2 Kf8 24. Nf4 b6 25. Nd3 R5c7 26. Nb4 Rc5 27. Re3 Be6 28. Nd3 R5c7 29. Nf4 Bd7 30. Nd3 Be6 31. Nb5 Rb7 32. Nb4 Rc5 33. Nd4 Bd7 34. Rc3 Be8 35. Na6 Ra5 36. Nb4 Rc5 37. Nd3 Rcc7 38. Kc1 e6 39. Kd1 Ke7 40. Rxc7+ Rxc7 41. c3 e5 42. Nc2 Bd7 43. c4 Be6 44. Na3 Bd7 45. Nb4 a5 46. Nbc2 Bc6 47. Ke1 Ke6 48. b4 Nd7 49. Ke2 f5 50. exf5+ gxf5 51. bxa5 bxa5 52. b4 axb4 53. Nxb4 Nc5 54. Nxc6 Rxc6 55. Nb5 Nd7 56. Rc2 Nb6 57. Na3 Kd7 58. f4 e4 59. Ke3 Rc5 60. Ke2 Ra5 61. Rc3 Ra4 62. Nc2 Nxc4 63. Nd4 Nb6 64. Nxf5 Nd5 65. Rb3 Nxf4+ 66. Kf2 Ke6 67. Ng7+ Ke5 68. g3 Ra2+ 69. Kf1 Ra1+ 70. Kf2 Nd3+ 71. Kg2 Ra2+ 72. Kg1 Ne1 73. Rb5+ d5 74. Nxh5 Nf3+ 75. Kf1 Nd4 76. Rb8 Nf5 77. Re8+ Kd4 78. Rf8 Ne3+ 79. Kg1 Ra1+ 80. Kh2 Ra2+ 81. Kh3 Ng2 82. g4 e3 83. Ng3 e2 84. Nxe2+ Rxe2 85. h5 Ke4 86. Kg3 Ne3 87. h6 Rg2+ 88. Kh3 Rg1 89. Kh4 Rh1+ 90. Kg5 Nxg4 91. Rf4+ Ke5 92. Rxg4 d4 93. Rg2 d3 94. Kg6 Ke4 95. h7 Kf3 96. Ra2 Ke3 97. Kg7 d2 98. Rxd2 Rxh7+ 1/2-1/2

[Event "Yuzhny op"]
[Site "Yuzhny"]
[Date "2009.09.12"]
[Round "8"]
[White "Polishchuk, Oleg"]
[Black "Golubka, Petro"]
[Result "1/2-1/2"]
[WhiteElo "2221"]
[BlackElo "2356"]
[WhiteFideId "-1"]
[BlackFideId "-1"]
[PlyCount "94"]
[GameId "1166652294602752"]
[EventDate "2009.09.08"]
[EventType "swiss"]
[EventRounds "9"]
[EventCountry "UKR"]
[SourceTitle "CBM 132 Extra"]
[Source "ChessBase"]
[SourceDate "2009.11.03"]
[SourceVersion "1"]
[SourceVersionDate "2009.11.03"]
[SourceQuality "1"]

1. c4 e6 2. d4 Nf6 3. Nf3 b6 4. g3 Bb7 5. Bg2 Be7 6. O-O O-O 7. Nc3 d5 8. cxd5 exd5 9. Bf4 c6 10. Qc2 Nbd7 11. Rad1 Re8 12. Rfe1 Nh5 13. Bc1 Bb4 14. e4 dxe4 15. Ng5 Bxc3 16. bxc3 Ndf6 17. c4 h6 18. Nxe4 Nxe4 19. Rxe4 Rxe4 20. Qxe4 Nf6 21. Qf3 Qe7 22. Bb2 Rd8 23. Qb3 Qe6 24. a4 Re8 25. a5 Bc8 26. h3 bxa5 27. Bc3 Ba6 28. d5 cxd5 29. cxd5 Qb6 30. Qa4 Rc8 31. Bxa5 Qc5 32. d6 Bb5 33. Qa1 a6 34. Bc7 Re8 35. Re1 Re6 36. Rxe6 fxe6 37. Qa2 Kf7 38. Qd2 Nd5 39. Be4 Qc4 40. Bd3 Qc6 41. Bxb5 axb5 42. Qa5 b4 43. Qa7 Kg6 44. Qb8 Ne3 45. fxe3 Qc1+ 46. Kf2 Qc2+ 47. Kf3 Qf5+ 1/2-1/2

[Event "Yuzhny op"]
[Site "Yuzhny UKR"]
[Date "2009.09.09"]
[Round "2"]
[White "Baranov, Jury"]
[Black "Golubka, Petro"]
[Result "0-1"]
[WhiteElo "2163"]
[BlackElo "2356"]
[WhiteFideId "-1"]
[BlackFideId "-1"]
[PlyCount "89"]
[GameId "2129405084259189"]
[EventDate "2009.09.08"]
[EventType "swiss"]
[EventRounds "9"]
[EventCountry "UKR"]

1. d4 d5 2. Nf3 c5 3. e3 Nc6 4. c4 e6 5. dxc5 Bxc5 6. a3 Nf6 7. Nbd2 a5 8. Qc2 Bb6 9. Be2 O-O 10. O-O Qe7 11. b3 Bd7 12. Bb2 Rac8 13. Rac1 Ba7 14. Qb1 Bb8 15. Rfd1 Rfd8 16. Qa1 Be8 17. cxd5 exd5 18. Nf1 Nh5 19. Nd4 Nxd4 20. Bxd4 Rxc1 21. Rxc1 Nf6 22. Bf3 Bd6 23. a4 Bc6 24. Ng3 Qe6 25. Qb2 Ne8 26. Rd1 Bf8 27. Ne2 g5 28. h3 h6 29. Bb6 Ra8 30. Qd2 Bb4 31. Qd3 Ng7 32. Nd4 Qf6 33. Nxc6 bxc6 34. Bd4 Qd6 35. Bb2 Qe6 36. Bg4 Qd6 37. e4 Rd8 38. exd5 cxd5 39. Bf3 Ne6 40. Qxd5 Qxd5 41. Bxd5 Rd7 42. Be5 Bc5 43. Kf1 Bb6 44. g3 Nc5 45. Bf3 {time white zero} 0-1

[Event "Yuzhny op"]
[Site "Yuzhny UKR"]
[Date "2009.09.09"]
[Round "3"]
[White "Golubka, Petro"]
[Black "Vysochin, Spartak"]
[Result "1/2-1/2"]
[WhiteElo "2356"]
[BlackElo "2550"]
[WhiteFideId "-1"]
[BlackFideId "-1"]
[PlyCount "44"]
[GameId "2129405084259252"]
[EventDate "2009.09.08"]
[EventType "swiss"]
[EventRounds "9"]
[EventCountry "UKR"]

1. e4 e6 2. d4 d5 3. Nd2 c5 4. exd5 exd5 5. Ngf3 Nc6 6. Be2 c4 7. O-O Nf6 8. Re1 Be7 9. c3 O-O 10. Ne5 Bf5 11. Ndf3 Re8 12. Bf4 Ne4 13. Nd2 Nf6 14. Ndf3 Qb6 15. Qc1 Ne4 16. Nxc6 bxc6 17. Nd2 $11 c5 18. Nxe4 Bxe4 19. Be3 Rab8 20. b3 cxb3 21. axb3 a5 22. Bf1 cxd4 $11 1/2-1/2

[Event "Yuzhny op"]
[Site "Yuzhny UKR"]
[Date "2009.09.13"]
[Round "9"]
[White "Golubka, Petro"]
[Black "Ledakov, Alexandr"]
[Result "0-1"]
[WhiteElo "2356"]
[BlackElo "2197"]
[WhiteFideId "-1"]
[BlackFideId "-1"]
[PlyCount "82"]
[GameId "2129405084267739"]
[EventDate "2009.09.08"]
[EventType "swiss"]
[EventRounds "9"]
[EventCountry "UKR"]

1. e4 e5 2. Nf3 Nc6 3. Bb5 a6 4. Ba4 Bc5 5. d3 b5 6. Bb3 Nf6 7. a4 Bb7 8. O-O d6 9. Nc3 b4 10. Ne2 O-O 11. Ng3 h6 12. a5 Ne7 13. c3 Ng6 14. d4 Ba7 15. Qc2 bxc3 16. bxc3 Re8 17. Bxf7+ Kxf7 18. Qb3+ Bd5 19. exd5 exd4 20. c4 Ne5 21. Nxe5+ dxe5 22. f3 Rb8 23. Qd3 c6 24. dxc6 Qc7 25. Ba3 Qxc6 26. c5 Nd5 27. Ne4 Kg8 28. Rab1 Rxb1 29. Rxb1 Rb8 30. Rb6 Bxb6 31. cxb6 Nc3 32. Nc5 Rd8 33. Nxa6 e4 34. fxe4 Nxe4 35. Nc7 Nc3 36. h3 Rd7 37. Bb4 Rf7 38. Kh2 Rf2 39. Qg3 Ne4 40. Qg4 Kh7 41. a6 Nf6 0-1

[Event "UKR-ch"]
[Site "Alushta"]
[Date "2009.05.11"]
[Round "1"]
[White "Muhtarov, Leonid"]
[Black "Golubka, Petro"]
[Result "1/2-1/2"]
[WhiteElo "2115"]
[BlackElo "2336"]
[WhiteFideId "-1"]
[BlackFideId "-1"]
[PlyCount "142"]
[GameId "1166651824844800"]
[EventDate "2009.05.11"]
[EventType "swiss"]
[EventRounds "9"]
[EventCountry "UKR"]
[SourceTitle "CBM 130 Extra"]
[Source "ChessBase"]
[SourceDate "2009.07.02"]
[SourceVersion "2"]
[SourceVersionDate "2009.07.15"]
[SourceQuality "1"]

1. Nf3 Nf6 2. g3 g6 3. Bg2 Bg7 4. c4 c6 5. d4 d5 6. cxd5 cxd5 7. Ne5 O-O 8. Nc3 Nc6 9. Nxc6 bxc6 10. O-O Nd7 11. Bf4 e5 12. dxe5 Nxe5 13. Rc1 Nc4 14. b3 Nb6 15. Qd2 Re8 16. Rfd1 Bg4 17. h3 Bf5 18. g4 Be6 19. e4 dxe4 20. Qxd8 Rexd8 21. Rxd8+ Rxd8 22. Nxe4 Nd5 23. Bg5 Rb8 24. Bd2 Nb4 25. Bxb4 Rxb4 26. Rxc6 Rd4 27. Bf3 Be5 28. Rc5 Bf4 29. Kg2 Kg7 30. Ra5 Bd5 31. Nc5 Bc7 32. Ra4 Rxa4 33. Nxa4 Be6 34. Nc5 Bc8 35. Bd5 Bd6 36. Nd3 f5 37. g5 h6 38. h4 Ba6 39. Ne1 hxg5 40. hxg5 Bf4 41. Nf3 Bd3 42. b4 a6 43. Nd4 Bxg5 44. Ne6+ Kf6 45. Nxg5 Kxg5 46. Kf3 Kf6 47. Ke3 Bf1 48. a4 g5 49. Bc6 Ke5 50. b5 axb5 51. axb5 f4+ 52. Kf3 Bh3 53. Ke2 Kd6 54. Kf3 Bf5 55. Be4 Bd7 56. b6 Be6 57. Ba8 Bf5 58. Bd5 Kd7 59. Be4 Be6 60. Ba8 Bf5 61. Bb7 Kd6 62. Bd5 Kd7 63. Be4 Be6 64. Ke2 g4 65. Kd3 g3 66. fxg3 fxg3 67. Bg2 Kc8 68. Ke3 Kb8 69. Ke4 Bh3 70. Bxh3 Kb7 71. Kd4 Kxb6 1/2-1/2

[Event "UKR-ch"]
[Site "Alushta"]
[Date "2009.05.12"]
[Round "2"]
[White "Golubka, Petro"]
[Black "Domnin, Sergiy"]
[Result "1-0"]
[WhiteElo "2336"]
[BlackElo "2095"]
[WhiteFideId "-1"]
[BlackFideId "-1"]
[PlyCount "71"]
[GameId "1166651824971776"]
[EventDate "2009.05.11"]
[EventType "swiss"]
[EventRounds "9"]
[EventCountry "UKR"]
[SourceTitle "CBM 130 Extra"]
[Source "ChessBase"]
[SourceDate "2009.07.02"]
[SourceVersion "2"]
[SourceVersionDate "2009.07.15"]
[SourceQuality "1"]

1. e4 c5 2. Nf3 d6 3. d4 cxd4 4. Nxd4 Nf6 5. Nc3 g6 6. Be3 Bg7 7. f3 O-O 8. Qd2 Nc6 9. g4 Nd7 10. h4 Nxd4 11. Bxd4 Bxd4 12. Qxd4 Nb6 13. g5 Qc7 14. Be2 Be6 15. O-O-O a6 16. h5 Qc5 17. Qxc5 dxc5 18. f4 Rad8 19. Rdg1 Kg7 20. Rh2 Rg8 21. b3 Rd4 22. Rf2 Bd7 23. Rh2 Bc6 24. Bd3 e6 25. Ne2 Rdd8 26. Ng3 Nd7 27. e5 b5 28. Be4 Bd5 29. Rgh1 c4 30. b4 Ra8 31. hxg6 hxg6 32. Rh7+ Kf8 33. Bxd5 exd5 34. e6 Nb6 35. Rxf7+ Ke8 36. f5 1-0

[Event "UKR-ch"]
[Site "Alushta"]
[Date "2009.05.16"]
[Round "6"]
[White "Golubka, Petro"]
[Black "Budnikov, Oleg"]
[Result "1-0"]
[WhiteElo "2336"]
[BlackElo "2408"]
[WhiteFideId "-1"]
[BlackFideId "-1"]
[PlyCount "117"]
[GameId "1166651825709056"]
[EventDate "2009.05.11"]
[EventType "swiss"]
[EventRounds "9"]
[EventCountry "UKR"]
[SourceTitle "CBM 130 Extra"]
[Source "ChessBase"]
[SourceDate "2009.07.02"]
[SourceVersion "2"]
[SourceVersionDate "2009.07.15"]
[SourceQuality "1"]

1. e4 c5 2. Nf3 d6 3. d4 cxd4 4. Nxd4 Nf6 5. Nc3 a6 6. Be2 e6 7. f4 Qc7 8. O-O Be7 9. a4 O-O 10. Be3 b6 11. Bf3 Bb7 12. Qd2 Nbd7 13. g4 Nc5 14. Qg2 Rfe8 15. g5 Nfd7 16. Nde2 a5 17. Nd4 Bf8 18. Rad1 Rad8 19. Ndb5 Qb8 20. Bf2 Na6 21. Bg3 Nb4 22. Rd2 Nc5 23. f5 e5 24. Rfd1 Rd7 25. Na3 Qd8 26. Bf2 d5 27. exd5 e4 28. Nxe4 Nxa4 29. c4 Na6 30. Nb5 N6c5 31. Nxc5 Nxc5 32. h4 Ba6 33. d6 Bxb5 34. cxb5 Rxd6 35. Rxd6 Bxd6 36. g6 Qf6 37. gxf7+ Kxf7 38. Bh5+ g6 39. fxg6+ hxg6 40. Qxg6+ Qxg6+ 41. Bxg6+ Kxg6 42. Rxd6+ Kh5 43. Rxb6 Ne4 44. Be1 Nd6 45. Bc3 Nf5 46. Rf6 Kg4 47. b6 Ne3 48. b7 Rb8 49. Rf7 Nc4 50. b3 Nd6 51. Be5 Rxb7 52. Rf4+ Kh5 53. Bxd6 Rxb3 54. Be7 Re3 55. Bg5 Ra3 56. Kf2 a4 57. Ke2 Kg6 58. Kd2 Kh5 59. Kc2 1-0

[Event "UKR-ch"]
[Site "Alushta"]
[Date "2009.05.17"]
[Round "7"]
[White "Golubka, Petro"]
[Black "Matjushin, Gennady"]
[Result "1/2-1/2"]
[WhiteElo "2336"]
[BlackElo "2500"]
[WhiteFideId "-1"]
[BlackFideId "-1"]
[PlyCount "42"]
[GameId "1166651825893376"]
[EventDate "2009.05.11"]
[EventType "swiss"]
[EventRounds "9"]
[EventCountry "UKR"]
[SourceTitle "CBM 130 Extra"]
[Source "ChessBase"]
[SourceDate "2009.07.02"]
[SourceVersion "2"]
[SourceVersionDate "2009.07.15"]
[SourceQuality "1"]

1. e4 c5 2. Nf3 Nc6 3. d4 cxd4 4. Nxd4 g6 5. Nc3 Bg7 6. Be3 Nf6 7. Bc4 Qa5 8. O-O O-O 9. Bb3 d6 10. h3 Bd7 11. Re1 Rfe8 12. f4 Nxd4 13. Bxd4 Bc6 14. Qd3 Rad8 15. Qe3 b6 16. e5 dxe5 17. fxe5 Nd5 18. Qf2 Rf8 19. Nxd5 Bxd5 20. Bc3 Qa6 21. Rad1 e6 1/2-1/2

[Event "UKR-ch"]
[Site "Alushta UKR"]
[Date "2009.05.14"]
[Round "4"]
[White "Golubka, Petro"]
[Black "Kovalev, Denis"]
[Result "1/2-1/2"]
[WhiteElo "2336"]
[BlackElo "2447"]
[WhiteFideId "-1"]
[BlackFideId "-1"]
[PlyCount "57"]
[GameId "2129405087484928"]
[EventDate "2009.05.11"]
[EventType "swiss"]
[EventRounds "9"]
[EventCountry "UKR"]

1. e4 c6 2. d4 d5 3. Nd2 dxe4 4. Nxe4 Bf5 5. Ng3 Bg6 6. h4 h6 7. Nf3 Nf6 8. Ne5 Bh7 9. Bc4 e6 10. Qe2 Nd5 11. Bb3 Nd7 12. Bd2 a5 13. a4 Nxe5 14. dxe5 Bb4 15. Bxb4 axb4 16. Ne4 O-O 17. g3 Qc7 18. Nd6 f6 19. O-O Rad8 20. Nc4 b5 21. axb5 cxb5 22. Nd6 fxe5 23. Nxb5 Qb6 24. Rad1 Kh8 25. c4 bxc3 26. bxc3 Nxc3 27. Nxc3 Qxb3 28. Rxd8 Rxd8 29. Qxe5 $11 1/2-1/2

[Event "UKR-ch"]
[Site "Alushta UKR"]
[Date "2009.05.15"]
[Round "5"]
[White "Strelnikov, Sergey"]
[Black "Golubka, Petro"]
[Result "1/2-1/2"]
[WhiteElo "2393"]
[BlackElo "2336"]
[WhiteFideId "-1"]
[BlackFideId "-1"]
[PlyCount "60"]
[GameId "2129405087485000"]
[EventDate "2009.05.11"]
[EventType "swiss"]
[EventRounds "9"]
[EventCountry "UKR"]

1. Nf3 Nf6 2. c4 e6 3. Nc3 d5 4. d4 Bb4 5. e3 O-O 6. Bd3 c5 7. a3 cxd4 8. exd4 Bxc3+ 9. bxc3 dxc4 10. Bxc4 Qc7 11. Qd3 Nbd7 12. Bg5 e5 13. dxe5 Nxe5 14. Nxe5 Qxe5+ 15. Be3 Bf5 16. Qd4 Qxd4 17. cxd4 Rac8 18. Rc1 Be6 19. Bd3 Rxc1+ 20. Bxc1 Rc8 21. Kd2 Bc4 22. Re1 Bxd3 23. Kxd3 h6 24. Bd2 Nd5 25. Rb1 Rc7 26. Rb5 Rd7 27. a4 b6 28. Kc4 Nc7 29. Re5 f6 30. Rh5 Kf7 $11 1/2-1/2

[Event "UKR-ch"]
[Site "Alushta UKR"]
[Date "2009.05.18"]
[Round "8"]
[White "Nosenko, Alexander"]
[Black "Golubka, Petro"]
[Result "0-1"]
[WhiteElo "2498"]
[BlackElo "2336"]
[WhiteFideId "-1"]
[BlackFideId "-1"]
[PlyCount "25"]
[GameId "2129405087485124"]
[EventDate "2009.05.11"]
[EventType "swiss"]
[EventRounds "9"]
[EventCountry "UKR"]

1. d4 Nf6 2. c4 e6 3. Nf3 b6 4. g3 Bb7 5. Bg2 Be7 6. O-O O-O 7. Nc3 d5 8. cxd5 exd5 9. Bf4 Na6 10. Ne5 c5 11. Rc1 Nc7 12. dxc5 bxc5 13. Qa4 {mobile telephone} 0-1

[Event "UKR-ch"]
[Site "Alushta UKR"]
[Date "2009.05.19"]
[Round "9"]
[White "Golubka, Petro"]
[Black "Pavlov, Sergey"]
[Result "1/2-1/2"]
[WhiteElo "2336"]
[BlackElo "2465"]
[WhiteFideId "-1"]
[BlackFideId "-1"]
[PlyCount "165"]
[GameId "2129405087485154"]
[EventDate "2009.05.11"]
[EventType "swiss"]
[EventRounds "9"]
[EventCountry "UKR"]

1. e4 c5 2. Nf3 e6 3. c3 Nf6 4. e5 Nd5 5. d4 cxd4 6. cxd4 b6 7. Nc3 Nxc3 8. bxc3 Qc7 9. Bd2 Bb7 10. Bd3 d6 11. O-O Nd7 12. exd6 Bxd6 13. Qe2 O-O 14. h3 Bf4 15. Bxf4 Qxf4 16. Qe3 Qxe3 17. fxe3 Rac8 18. Rfc1 Rc7 19. Nd2 Rfc8 20. c4 e5 21. a4 Rd8 22. Bf1 Nf6 23. Nb3 Ne4 24. a5 g6 25. axb6 axb6 26. Ra7 $11 Nd6 27. c5 Nc8 28. Raa1 Bd5 29. Bc4 bxc5 30. Bxd5 Rxd5 31. Ra5 exd4 32. exd4 Rb7 33. Raxc5 Ne7 34. Rc7 Rxc7 35. Rxc7 Nf5 36. Rc5 Rd7 37. Kf2 Nxd4 38. Nxd4 Rxd4 39. g3 Kg7 40. h4 h6 41. Rc6 g5 42. hxg5 hxg5 43. Kf3 g4+ 44. Ke3 Ra4 45. Rd6 f6 46. Rd5 Kg6 47. Rb5 f5 48. Rb6+ Kg5 49. Kf2 Ra2+ 50. Kg1 Re2 51. Kf1 Rh2 52. Kg1 Rh6 53. Rxh6 Kxh6 54. Kf2 Kg5 55. Ke2 Kg6 56. Kd2 Kf6 57. Ke2 Ke6 58. Kd2 Kd6 59. Ke2 Kc6 60. Kd2 Kc5 61. Ke3 Kd6 62. Ke2 Ke5 63. Ke3 Kf6 64. Ke2 Ke7 65. Kd2 Kd6 66. Ke2 Kc5 67. Ke3 Kd5 68. Kd3 Kc6 69. Kd2 Kd7 70. Ke2 Ke7 71. Kd2 Kf8 72. Ke2 Kg7 73. Kd2 Kg6 74. Ke2 Kh5 75. Kf2 Kh6 76. Ke2 Kg5 77. Kf2 f4 78. gxf4+ Kxf4 79. Kg2 g3 80. Kg1 Kf3 81. Kf1 g2+ 82. Kg1 Ke3 83. Kxg2 1/2-1/2

[Event "UKR-ch U20"]
[Site "Lugansk"]
[Date "2009.04.02"]
[Round "1"]
[White "Shagbazyan, Taron"]
[Black "Golubka, Petro"]
[Result "1-0"]
[WhiteElo "2216"]
[BlackElo "2336"]
[WhiteFideId "-1"]
[BlackFideId "-1"]
[PlyCount "75"]
[GameId "1166651659554816"]
[EventDate "2009.04.02"]
[EventType "tourn"]
[EventRounds "11"]
[EventCountry "UKR"]
[SourceTitle "CBM 129 Extra"]
[Source "ChessBase"]
[SourceDate "2009.05.05"]
[SourceVersion "2"]
[SourceVersionDate "2009.05.20"]
[SourceQuality "1"]

1. e4 c5 2. Nf3 d6 3. d4 cxd4 4. Qxd4 Nc6 5. Bb5 Bd7 6. Bxc6 Bxc6 7. Nc3 Nf6 8. Bg5 e6 9. O-O-O Be7 10. Qd3 Qa5 11. h4 h6 12. Bxf6 Bxf6 13. Nd4 O-O 14. f4 h5 15. g4 hxg4 16. h5 Rac8 17. h6 g6 18. Rh2 Kh7 19. Nb3 Qb6 20. Rg2 Bxc3 21. Qxc3 e5 22. Rxd6 Bxe4 23. Qxe5 Qe3+ 24. Kb1 Rg8 25. Rd7 Rcf8 26. Re7 Qxb3 27. axb3 Bxg2 28. Qf6 Bc6 29. Qg5 Bf3 30. b4 a6 31. b3 Bc6 32. Kb2 g3 33. Qxg3 Kxh6 34. Qg5+ Kh7 35. f5 gxf5 36. Qh4+ Kg6 37. Re3 f4 38. Qg4+ 1-0

[Event "UKR-ch U20"]
[Site "Lugansk"]
[Date "2009.04.03"]
[Round "2"]
[White "Golubka, Petro"]
[Black "Polyakov, Maxim"]
[Result "1-0"]
[WhiteElo "2336"]
[BlackElo "2280"]
[WhiteFideId "-1"]
[BlackFideId "-1"]
[PlyCount "103"]
[GameId "1166651659571200"]
[EventDate "2009.04.02"]
[EventType "tourn"]
[EventRounds "11"]
[EventCountry "UKR"]
[SourceTitle "CBM 129 Extra"]
[Source "ChessBase"]
[SourceDate "2009.05.05"]
[SourceVersion "2"]
[SourceVersionDate "2009.05.20"]
[SourceQuality "1"]

1. Nf3 c5 2. c4 g6 3. g3 Bg7 4. Bg2 Nc6 5. O-O e6 6. Nc3 Nge7 7. e3 d5 8. cxd5 exd5 9. d4 c4 10. b3 cxb3 11. axb3 O-O 12. Ba3 a6 13. Ne1 Be6 14. Nd3 Rc8 15. Qd2 Qc7 16. Rfc1 Rfd8 17. Nf4 Qb8 18. Na4 Bf5 19. Nb6 Rc7 20. Nbxd5 Nxd5 21. Nxd5 Rcd7 22. Rxc6 bxc6 23. Ne7+ Rxe7 24. Bxe7 Rd7 25. Bc5 Qxb3 26. Qa5 h5 27. Bxc6 Rd5 28. Qa4 Qxa4 29. Rxa4 Bd7 30. Rxa6 Bxc6 31. Rxc6 Rd7 32. Kg2 Kh7 33. h3 Rb7 34. Rb6 Rd7 35. Kf3 Rd8 36. Rb7 Kg8 37. g4 hxg4+ 38. hxg4 Ra8 39. Ba7 Bf8 40. g5 Kg7 41. d5 Kg8 42. Bd4 Bg7 43. Bxg7 Kxg7 44. e4 Kf8 45. Kf4 Ke8 46. f3 Ra6 47. Ke5 Ra3 48. f4 Ra5 49. Kf6 Ra4 50. Re7+ Kf8 51. Rxf7+ Kg8 52. Re7 1-0

[Event "UKR-ch U20"]
[Site "Lugansk"]
[Date "2009.04.04"]
[Round "3"]
[White "Romashko, Andrei"]
[Black "Golubka, Petro"]
[Result "0-1"]
[WhiteElo "2266"]
[BlackElo "2336"]
[WhiteFideId "-1"]
[BlackFideId "-1"]
[PlyCount "72"]
[GameId "1166651659599872"]
[EventDate "2009.04.02"]
[EventType "tourn"]
[EventRounds "11"]
[EventCountry "UKR"]
[SourceTitle "CBM 129 Extra"]
[Source "ChessBase"]
[SourceDate "2009.05.05"]
[SourceVersion "2"]
[SourceVersionDate "2009.05.20"]
[SourceQuality "1"]

1. e4 e5 2. Nf3 Nc6 3. Bb5 Nf6 4. Qe2 d6 5. c3 a6 6. Ba4 b5 7. Bb3 Be7 8. a4 Bg4 9. h3 Bxf3 10. Qxf3 O-O 11. O-O Na5 12. Bc2 b4 13. d4 b3 14. Bd3 Nd7 15. Qe2 exd4 16. cxd4 Bf6 17. Be3 c5 18. Bxa6 cxd4 19. Bc1 Nc5 20. Bb5 Qe7 21. Nd2 Rfc8 22. Ra3 Ra7 23. Re1 Rac7 24. Qf1 d3 25. Nc4 Nxc4 26. Bxc4 d2 27. Bxd2 Bxb2 28. Rxb3 Nxb3 29. Bxb3 Bc3 30. Qd3 Bxd2 31. Qxd2 Rc3 32. Bd5 Qc7 33. g3 Kh8 34. Kg2 f6 35. Rb1 Qa5 36. Rb5 Rxg3+ 0-1

[Event "UKR-ch U20"]
[Site "Lugansk"]
[Date "2009.04.05"]
[Round "4"]
[White "Golubka, Petro"]
[Black "Kharchenko, Boris"]
[Result "1/2-1/2"]
[WhiteElo "2336"]
[BlackElo "2474"]
[WhiteFideId "-1"]
[BlackFideId "-1"]
[PlyCount "126"]
[GameId "1166651659616256"]
[EventDate "2009.04.02"]
[EventType "tourn"]
[EventRounds "11"]
[EventCountry "UKR"]
[SourceTitle "CBM 129 Extra"]
[Source "ChessBase"]
[SourceDate "2009.05.05"]
[SourceVersion "2"]
[SourceVersionDate "2009.05.20"]
[SourceQuality "1"]

1. e4 e5 2. Nf3 Nc6 3. Bb5 a6 4. Ba4 Nf6 5. d3 d6 6. c3 g6 7. Nbd2 Bg7 8. Nf1 O-O 9. Ng3 b5 10. Bc2 d5 11. O-O Re8 12. a4 b4 13. a5 Qd6 14. Bg5 h6 15. Bxf6 Bxf6 16. exd5 Qxd5 17. Bb3 Qd8 18. Ne4 Be7 19. cxb4 Bd7 20. Rc1 Rb8 21. Rxc6 Bxc6 22. Bxf7+ Kg7 23. Bxe8 Bxe8 24. Nc5 Bxc5 25. bxc5 e4 26. dxe4 Qxd1 27. Rxd1 Rxb2 28. Nd4 Ba4 29. Re1 Kf7 30. f4 Rd2 31. Nf3 Rc2 32. Ra1 Bb5 33. Nd4 Rxc5 34. Nxb5 Rxb5 35. Kf2 c5 36. Ra3 Ke6 37. Ke3 Rb2 38. g3 Rxh2 39. Rb3 Ra2 40. Rb6+ Kf7 41. Rxa6 Ra3+ 42. Kf2 h5 43. Kg2 c4 44. Rc6 c3 45. Kh3 g5 46. fxg5 Rxa5 47. Kh4 Ra4 48. Kxh5 Rxe4 49. g6+ Kg7 50. Rc7+ Kf8 51. Rxc3 Re1 52. Rc6 Kg7 53. Rc7+ Kg8 54. g4 Rh1+ 55. Kg5 Ra1 56. Rf7 Rb1 57. Re7 Ra1 58. g7 Ra5+ 59. Kh6 Ra6+ 60. Kh5 Ra5+ 61. g5 Rb5 62. Kh6 Rb6+ 63. g6 Rxg6+ 1/2-1/2

[Event "UKR-ch U20"]
[Site "Lugansk"]
[Date "2009.04.06"]
[Round "5"]
[White "Danilenko, Dmitriy"]
[Black "Golubka, Petro"]
[Result "1/2-1/2"]
[WhiteElo "2303"]
[BlackElo "2336"]
[WhiteFideId "-1"]
[BlackFideId "-1"]
[PlyCount "74"]
[GameId "1166651659632640"]
[EventDate "2009.04.02"]
[EventType "tourn"]
[EventRounds "11"]
[EventCountry "UKR"]
[SourceTitle "CBM 129 Extra"]
[Source "ChessBase"]
[SourceDate "2009.05.05"]
[SourceVersion "2"]
[SourceVersionDate "2009.05.20"]
[SourceQuality "1"]

1. e4 c6 2. d4 d5 3. e5 Bf5 4. c4 dxc4 5. Bxc4 e6 6. Ne2 Nd7 7. O-O Nb6 8. Bb3 Ne7 9. Nbc3 Ned5 10. Ng3 Qd7 11. Nxf5 exf5 12. Qf3 Be7 13. a3 O-O 14. Re1 Rfe8 15. Be3 Rac8 16. Rad1 a5 17. Bc1 g6 18. g3 Bf8 19. h4 h5 20. Bd2 Ra8 21. Rc1 a4 22. Ba2 Nc7 23. Be3 Nbd5 24. Rc2 Nb6 25. Rd1 Bg7 26. d5 Nbxd5 27. Nxd5 Nxd5 28. Bxd5 cxd5 29. Rxd5 Qe6 30. Bf4 Rac8 31. Rxc8 Qxc8 32. Qd3 Qc6 33. Qb5 Re6 34. Qxc6 bxc6 35. Ra5 f6 36. exf6 Bxf6 37. Ra8+ Kf7 1/2-1/2